| 000 | 00374nam a2200145Ia 4500 | ||
|---|---|---|---|
| 008 | 230312s9999||||xx |||||||||||||| ||und|| | ||
| 020 | _a978-0195476712 | ||
| 082 |
_a801.950954 _bSUH-P |
||
| 100 | _aSuhrawardy;Shahid | ||
| 245 | 0 | _aPrefaces Lectures on Art Subjects | |
| 260 |
_bOxford _aPakistan _c2009 |
||
| 300 | _a145 | ||
| 650 |
_aArchitecture _vLectures |
||
| 942 | _cBK | ||
| 999 |
_c14404 _d14404 |
||